National conference on public libraries in the knowledge societies : (Record no. 147216)

MARC details
000 -LEADER
fixed length control field 00763nam a22002297a 4500
005 - DATE AND TIME OF LATEST TRANSACTION
control field 20171113101509.0
010 ## - LCCN (DPL NO)
LC control number ENG-121255
020 ## - INTERNATIONAL STANDARD BOOK NUMBER
Terms of availability 500.00
035 ## - SYSTEM CONTROL NUMBER
System control number EN-104787
037 ## - SOURCE OF ACQUISITION
Source of stock number/acquisition DBAD/PUB
082 ## - DEWEY DECIMAL CLASSIFICATION NUMBER
Classification number 020.2854
245 ## - TITLE STATEMENT
Title National conference on public libraries in the knowledge societies :
Statement of responsibility, etc edited by L.S.Ramaiah ...[et.al]
Remainder of title 9-11 july, 2010, Hyderabad /
260 ## - PUBLICATION, DISTRIBUTION, ETC. (IMPRINT)
Place of publication, distribution, etc Vijyawada
Name of publisher, distributor, etc Andhra Pradesh Association
Date of publication, distribution, etc 2010
270 ## - ADDRESS
Address Sri Sarvottama Bhavanam,
City Vijyawada
Postal code 52010
300 ## - PHYSICAL DESCRIPTION
Extent 472p. :
Dimensions 22cm(pbk)
Other physical details ill.
490 ## - SERIES STATEMENT
Series statement 39th andhra pradesh library conference
700 ## - ADDED ENTRY--PERSONAL NAME
Personal name L.S.Ramaiah
700 ## - ADDED ENTRY--PERSONAL NAME
Personal name Rao, M.Koteswara
700 ## - ADDED ENTRY--PERSONAL NAME
Personal name Veeranjaneyulu, K.
700 ## - ADDED ENTRY--PERSONAL NAME
Personal name Sarada,Raavi
942 ## - ADDED ENTRY ELEMENTS (KOHA)
Source of classification or shelving scheme Dewey Decimal Classification
Item type English Books
Classification part 020.2854
Call number suffix NAT
Holdings
Withdrawn status Lost status Not for loan Collection code Home library Current library Date acquired Source of acquisition Cost, normal purchase price Full call number Barcode Copy number Cost, replacement price Koha item type
    Not For Loan Non-fiction D.B.Act.Division Bawana 07/11/2017 DBAD/PUB 500.00 020.2854 NAT EN-104787 1 500.00 English Books

© Delhi Public Library
Hit Counter
free hit counter